Derecho procesal administrativo (Registro nro. 1621)
[ vista simple ]
| 000 -LEADER | |
|---|---|
| fixed length control field | 01523 a2200229 4500 |
| 001 - CONTROL NUMBER | |
| control field | 27725 |
| 005 - DATE AND TIME OF LATEST TRANSACTION | |
| control field | 20260407155551.0 |
| 008 - FIXED-LENGTH DATA ELEMENTS--GENERAL INFORMATION | |
| fixed length control field | 260407a1996 arg spa d |
| 003 - CONTROL NUMBER IDENTIFIER | |
| control field | AR-UNSa-BCEJYS |
| 040 ## - CATALOGING SOURCE | |
| Original cataloging agency | AR-UNSa-BCEJYS |
| Language of cataloging | spa |
| Transcribing agency | AR-UNSa-BCEJYS |
| 080 ## - UNIVERSAL DECIMAL CLASSIFICATION NUMBER | |
| Universal Decimal Classification number | 342.924 |
| Common auxiliary subdivision | Actos legales. Actos administrativos. (Procesal administrativo) |
| 020 ## - INTERNATIONAL STANDARD BOOK NUMBER | |
| International Standard Book Number | 950-21-0550-8 |
| 041 ## - LANGUAGE CODE | |
| Language code of text/sound track or separate title | spa |
| 100 1# - MAIN ENTRY--PERSONAL NAME | |
| Personal name | Diez, Manuel María |
| 245 10 - TITLE STATEMENT | |
| Title | Derecho procesal administrativo |
| Name of part/section of a work | (lo contencioso administrativo) texto ampliado, corregido y actualizado a 1996 |
| 264 #1 - PRODUCTION, PUBLICATION, DISTRIBUTION, MANUFACTURE, AND COPYRIGHT NOTICE | |
| Place of production, publication, distribution, manufacture | Buenos Aires : |
| Name of producer, publisher, distributor, manufacturer | Plus Ultra |
| Date of production, publication, distribution, manufacture, or copyright notice | 1996 |
| 300 ## - PHYSICAL DESCRIPTION | |
| Extent | 678 p. |
| Dimensions | 23 cm. |
| 505 ## - FORMATTED CONTENTS NOTE | |
| Formatted contents note | 1. Introducción - 2. Control judicial de la administración - 3. Del tribunal en el proceso administrativo. Su jurisdicción y competencia - 4. El proceso administrativo - 5. De las partes en el proceso administrativo - 6. La acción - 7. De la pretensión procesal administrativa de las partes - 8. Iniciación del proceso administrativo. La demanda. Contestación - 9. Reconvención y excepciones - 10. Desarrollo y terminación del proceso - 11. De la sentencia - 12. De la ejecución de las sentencias - 13. Control judicial de la administración en el ámbito nacional - 14. Control judicial de la administración en el ámbito provincial - 15. Del estado como demandante - 16. Medidas cautelares - 17. Del amparo - 18. Juicios administrativos referentes a la propiedad privada - |
| 590 ## - LOCAL NOTE (RLIN) | |
| Local note | niveau_biblio:m niveau_hierar:0 |
| 700 1# - ADDED ENTRY--PERSONAL NAME | |
| Personal name | Hutchinson, Tomás A. |
| 942 ## - ADDED ENTRY ELEMENTS (KOHA) | |
| Koha item type | |
| Withdrawn status | Lost status | Damaged status | Not for loan | Home library | Current library | Shelving location | Date acquired | Total checkouts | Full call number | Barcode | Date last seen | Price effective from | Koha item type |
|---|---|---|---|---|---|---|---|---|---|---|---|---|---|
| Biblioteca Prof. Eusebio Cleto del Rey | Biblioteca Prof. Eusebio Cleto del Rey | 07/04/2026 | 342.924 D568 | L119974 | 07/04/2026 | 07/04/2026 | Libro | ||||||
| Biblioteca Prof. Eusebio Cleto del Rey | Biblioteca Prof. Eusebio Cleto del Rey | 07/04/2026 | 342.924 D568 | L53385 | 07/04/2026 | 07/04/2026 | Libro |